LEADER 00929nam a2200217 i 4500 001 000000214545 003 CaOOAMICUS 005 20220518144847.0 008 120725s1897 it u000 u ita u 013 $a193416 040 $aSeMil$bita 100 1 $aMoigno, François,$d<1804-1884>.$0(OLS)http://semarc/name/12312 245 13$aIl miracolo al tribunale della scienza. Parte 3. 300 $a228 p. 490 0 $aCollezione Pietro Marietti 773 0 $aMoigno, François <1804-1884>$tSplendori della fede.$dTorino : Tip. pontificia ed arcivescovile di Pietro Marietti, 1893-1901.$kCollezione Pietro Marietti$g4$w()27115 830 0$aCollezione Pietro Marietti.$0(OLS)http://semarc/title/6569 850 $aSeMil 852 $aSeMil$W1$xVenegono$y1$m2B III 19 FA$j164967$B164967$CSeMilBibl$Z2$F175989 $8I 996 $6245$aIl miracolo al tribunale della scienza. Parte 3$9(OLS)http://semarc/title/309105 LEADER 00622nam a2200181 i 4500 001 000000235750 003 CaOOAMICUS 005 20141113000000.0 008 141113s1842 it u000 u ita u 013 $a214654 040 $aSeMil$bita 245 10$aTomo 1. 300 $aVIII, 357 p. 773 0 $aSchmitt, Hermann Joseph$tIstoria critica della Chiesa greco-moderna e della Chiesa russa.$dMilano : Pirotta e C., 1842.$g1$w()30959 850 $aSeMil 852 $aSeMil$W1$xVenegono$y1$m3B III 92 FA$j186096$B186096$CSeMilBibl$Z2$F196958 $8I 961 $aRecupero: Altro 996 $6245$aTomo 1$9(OLS)http://semarc/title/46685